Seres de maíz (Record no. 149632)
[ view plain ]
| 000 -CABECERA | |
|---|---|
| campo de control de longitud fija | 00773cam a2200265 a 4500 |
| 003 - IDENTIFICADOR DEL NÚMERO DE CONTROL | |
| campo de control | MX-MxUPN |
| 005 - FECHA Y HORA DE LA ÚLTIMA TRANSACCIÓN | |
| campo de control | 20241202144501.0 |
| 008 - ELEMENTOS DE LONGITUD FIJA--INFORMACIÓN GENERAL | |
| campo de control de longitud fija | 100827s2005 ck a br 000 j spa d |
| 020 ## - NÚMERO INTERNACIONAL NORMALIZADO PARA LIBROS | |
| Número Internacional Estándar del Libro | 9806915836 |
| 035 ## - NÚMERO DE CONTROL DEL SISTEMA | |
| Número de control de sistema | UPN01000177529 |
| 040 ## - FUENTE DE LA CATALOGACIÓN | |
| Centro catalogador/agencia de origen | MX-MxUPN |
| Lengua de catalogación | spa |
| 041 0# - CÓDIGO DE IDIOMA | |
| Código de lengua del texto/banda sonora o título independiente | spa |
| 050 #4 - SIGNATURA TOPOGRÁFICA DE LA BIBLIOTECA DEL CONGRESO | |
| Número de clasificación | F1465 P8 |
| Número de documento/Ítem | F5.7 |
| 100 1# - ASIENTO PRINCIPAL--NOMBRE PERSONAL | |
| Nombre de persona | Flores, Blanca |
| 9 (RLIN) | 33585 |
| 245 10 - MENCIÓN DE TÍTULO | |
| Título | Seres de maíz |
| 260 ## - PUBLICACIÓN, DISTRIBUCIÓN, ETC. | |
| Lugar de publicación, distribución, etc. | [Colombia] : |
| Nombre del editor, distribuidor, etc. | El Nacional, |
| Fecha de publicación, distribución, etc. | c2005. |
| 300 ## - DESCRIPCIÓN FÍSICA | |
| Extensión | 31 páginas : |
| Otras características físicas | ilustraciones a color |
| 490 0# - MENCIÓN DE SERIE | |
| Mención de serie | Brújula de papel. Lengua y literatura ; |
| Designación de volumen o secuencia | 28 |
| 630 04 - ASIENTO SECUNDARIO DE MATERIA - TÍTULO UNIFORME | |
| Título uniforme | Popol Vuh |
| 9 (RLIN) | 1484 |
| 650 #4 - ASIENTO SECUNDARIO DE MATERIA - TERMINO TEMATICO | |
| Término de materia o nombre geográfico como elemento de entrada | Mitología maya |
| Subdivisión de forma | Literatura infantil |
| 9 (RLIN) | 19913 |
| 700 1# - ASIENTO SECUNDARIO--NOMBRE DE PERSONAL | |
| Nombre de persona | Fernández, Glen |
| 9 (RLIN) | 54844 |
| Fechas asociadas al nombre | ilustración |
| 902 ## - ELEMENTOS DE DATOS B LOCAL, LDB (RLIN) | |
| Modificó | VíctorGodínez/021224 |
| 942 ## - ELEMENTOS DE PUNTO DE ACCESO ADICIONAL (KOHA) | |
| Fuente del sistema de clasificación o colocación | Library of Congress Classification |
| Tipo de ítem Koha | Libro |
| Estado de retiro | Estado de pérdida | Fuente del sistema de clasificación o colocación | Estado dañado | No para préstamo | Código de colección | Localización permanente | Ubicación/localización actual | Ubicación en estantería | Fecha de adquisición | Total de préstamos | Clasificación | Código de barras | Fecha visto por última vez | Número de copia | Tipo de ítem Koha | Precio válido a partir de |
|---|---|---|---|---|---|---|---|---|---|---|---|---|---|---|---|---|
| Library of Congress Classification | Infantil | Bib. Gregorio Torres Quintero | Bib. Gregorio Torres Quintero | Sala infantil Planta baja | 10/05/2023 | 1 | F1465 P8 F5.7 | 256614 | 31/12/2020 | 1 | Libro | |||||
| Library of Congress Classification | Infantil | Bib. Gregorio Torres Quintero | Bib. Gregorio Torres Quintero | Sala infantil Planta baja | 02/12/2024 | F1465 P8 F5.7 | 319485 | 02/12/2024 | Ej.2 | Libro | 02/12/2024 |
